|
|
|
|
| LEADER |
00967nam a2200265 a 4500 |
| 001 |
3963448 |
| 008 |
091108s1995 txua b 001 0 eng d |
| 010 |
|
|
|a 94071490
|
| 020 |
|
|
|a 0030975646
|
| 040 |
|
|
|a DLC
|c DLC
|
| 082 |
0 |
0 |
|a 337
|2 20
|
| 100 |
1 |
|
|a Kreinin, Mordechai Elihau,
|d 1930-
|
| 245 |
1 |
0 |
|a International economics :
|b a policy approach /
|c Mordechai E. Kreinin.
|
| 250 |
|
|
|a 7th ed.
|
| 260 |
|
|
|a Fort Worth :
|b Dryden Press,
|c c1995.
|
| 300 |
|
|
|a xx, 492 p. :
|b ill. (some col.) ;
|c 24 cm.
|
| 490 |
0 |
|
|a The Dryden Press series in economics
|
| 504 |
|
|
|a Includes bibliographical references (p. 477-478) and index.
|
| 541 |
1 |
|
|e 00010986
|
| 650 |
|
0 |
|a International economic relations.
|
| 650 |
|
0 |
|a Commerce.
|
| 650 |
|
0 |
|a Commercial policy.
|
| 852 |
4 |
|
|a Ayesha Abed Library
|j General Shelf
|
| 999 |
|
|
|c 5700
|d 5700
|
| 952 |
|
|
|0 0
|1 0
|2 ddc
|4 0
|6 337_KRE_199500000000000
|7 0
|9 5632
|a BRACUL
|b BRACUL
|c GEN
|d 2009-11-21
|l 0
|o 337 KRE
|p 3010010986
|r 2009-11-21
|t 1
|w 2009-11-21
|y BK
|